Central Library OPAC University of Rajshahi

Photoelectricity and its application / (Record no. 9100)

MARC details
000 -LEADER
fixed length control field 01041cam a22002892 4500
001 - CONTROL NUMBER
control field 9100
003 - CONTROL NUMBER IDENTIFIER
rucl marc code BD-RjUL
005 - DATE AND TIME OF LATEST TRANSACTION
control field 20211208234721.0
008 - FIXED-LENGTH DATA ELEMENTS--GENERAL INFORMATION
fixed length control field 140120r19611949nyua b 001 0 eng
035 ## - SYSTEM CONTROL NUMBER
System control number OCLC ocm00738401 from D971203M
-- (BD-RjUL)9145
040 ## - CATALOGING SOURCE
Original cataloging agency DLC
Transcribing agency KSU
Modifying agency OCL
-- CHS
-- EQO
-- BD-RjUL
Language of cataloging eng
041 ## - LANGUAGE CODE
Language code of text/sound track or separate title eng
082 ## - DEWEY DECIMAL CLASSIFICATION NUMBER
Classification number 537.53
Author mark and year ZWP
096 ## - LOCALLY ASSIGNED NLM-TYPE CALL NUMBER (OCLC)
Classification number QC 715 Z98p 1949
100 1# - MAIN ENTRY--PERSONAL NAME
Personal name Zworykin, Vladimir Kosma,
Dates associated with a name 1888-
9 (RLIN) 28246
245 10 - TITLE STATEMENT
Title Photoelectricity and its application /
Statement of responsibility, etc. by V. K. Zworykin and E. G. Ramberg.
260 ## - PUBLICATION, DISTRIBUTION, ETC. (IMPRINT)
Place of publication, distribution, etc. New York :
Name of publisher, distributor, etc. J. Wiley,
Date of publication, distribution, etc. c1949 [printing 1956, 1961]
300 ## - PHYSICAL DESCRIPTION
Pagination xii, 494 p. :
Illustrations illus. ;
Size 24 cm.
500 ## - GENERAL NOTE
General note Previous editions, by V. K. Zworykin and E. D. Wilson, pub. under title: Photocells and their application.
504 ## - BIBLIOGRAPHY, ETC. NOTE
Bibliography, etc Includes "References and index.
650 #0 - SUBJECT ADDED ENTRY--TOPICAL TERM
Topical term or geographic name as entry element Photoelectric cells.
9 (RLIN) 28247
Topical term or geographic name as entry element Photochemistry
9 (RLIN) 28248
Topical term or geographic name as entry element Physics
9 (RLIN) 28249
700 1# - ADDED ENTRY--PERSONAL NAME
Personal name Ramberg, E. G.
Fuller form of name (Edward Granville),
Dates associated with a name 1907-1995
942 ## - ADDED ENTRY ELEMENTS (KOHA)
Source of classification or shelving scheme Dewey Decimal Classification
Koha item type Books
Holdings
Lost status Source of classification or shelving scheme Damaged status Not for loan Collection code Permanent Location Current Location Shelving location Date acquired Source of acquisition Cost, normal purchase price Total Checkouts Full call number Date last seen Copy number Koha item type
  Dewey Decimal Classification     Non-fiction Central Library, University of Rajshahi Central Library, University of Rajshahi   13/11/1967 Zeitlinger 98.00   537.53 ZWP 1961 20/01/2014 C-4 Books
  Dewey Decimal Classification     Non-fiction Central Library, University of Rajshahi Central Library, University of Rajshahi   22/09/1958 John Wiley & Sons 9.00   537.53 ZWP 1956 05/10/2016 C-3 Books
  Dewey Decimal Classification     Non-fiction Central Library, University of Rajshahi Central Library, University of Rajshahi   13/11/1967 Zeithinger 98.00   537.53 ZWP 1961 16/10/2016 C-5 Books
  Dewey Decimal Classification     Non-fiction Central Library, University of Rajshahi Central Library, University of Rajshahi   13/11/1967 Zeithinger 98.00   537.53 ZWP 1961 09/05/2017 C-2 Books
  Dewey Decimal Classification   Not For Loan Non-fiction Central Library, University of Rajshahi Central Library, University of Rajshahi Reading Room 13/11/1967 Zeithinger 98.00   537.53 ZWP 1961 09/05/2017 C-1 Books
  Dewey Decimal Classification     Non-fiction Central Library, University of Rajshahi Central Library, University of Rajshahi   22/09/1958 John Willey & Sons 9.00   537.53 ZWP 1961 09/05/2017 C-6 Books